[Event "78th ch-RUS 2025"]
[Site "Moscow RUS"]
[Date "2025.10.11"]
[Round "10.6"]
[White "Dubov, Daniil"]
[Black "Esipenko, Andrey"]
[Result "1/2-1/2"]
[WhiteElo "2684"]
[BlackElo "2693"]
[PlyCount "81"]
[EventDate "2025.10.01"]

1. d4 d5 2. c4 e6 3. Nc3 Be7 4. cxd5 exd5 5. Bf4 Nf6 6. e3 O-O 7. Bd3 c5 8. Nge2 Nc6 9. O-O cxd4 10. Nxd4 Nxd4 11. exd4 Bg4 12. Qb3 Bd6 13. Bxd6 ({RR} 13. Be5 Be6 14. Nb5 Bxe5 15. dxe5 Nd7 16. Rfe1 Qb6 17. Bf1 Rac8 18. Rad1 Rc4 19. Qe3 Qxe3 20. Rxe3 Rc2 21. Rb3 Nxe5 22. f4 Bg4 23. Rxd5 Ng6 24. f5 Ne7 25. Re5 Nc6 26. Re1 Rd2 27. Nc3 Rd7 {Keymer,V (2773)-Esipenko,A (2681) Goa IND 2025 ½-½ (57)}) 13... Qxd6 14. Rfe1 Bd7 $146 ({RR} 14... Be6 15. h3 Qf4 16. Qb4 a5 17. Qa4 Rfc8 18. Re3 h6 19. Rae1 Qd6 20. a3 Nd7 21. Qd1 Nb6 22. Qh5 Nd7 23. Rg3 Nf8 24. Re5 Bd7 25. Rxd5 Qf4 26. Ne2 Qc7 27. f4 Qc6 28. Bb5 Qe6 29. f5 {Tella,J (2385)-Taivainen,J (2260) Tampere 1998 1-0 (37)}) 15. Re5 Bc6 16. h3 Nd7 17. Re3 Rae8 18. Rae1 Rxe3 19. Rxe3 a6 20. Qc2 g6 21. Ne2 Rc8 22. Qd2 Nf8 23. a3 Ne6 24. h4 Qd8 25. h5 Qf6 26. Qb4 Kg7 27. Qd6 Rd8 28. Qb4 Rc8 29. Rf3 Qg5 30. hxg6 hxg6 31. Rg3 Qf6 32. Rf3 Qg5 33. Rg3 Qf6 34. Rf3 Qg5 35. Rg3 Qf6 36. Rf3 Qg5 37. Rg3 Qf6 38. Rf3 Qg5 39. Rg3 Qf6 40. Rf3 Qg5 41. Rg3 1/2-1/2

[Event "25th European Teams"]
[Site "Batumi GEO"]
[Date "2025.10.08"]
[Round "4.2"]
[White "Van Foreest, Jorden"]
[Black "Safarli, E."]
[Result "1/2-1/2"]
[WhiteElo "2697"]
[BlackElo "2630"]
[PlyCount "102"]
[EventDate "2025.10.05"]
[WhiteTeam "Netherlands"]
[BlackTeam "Azerbaijan"]
[WhiteTeamCountry "NED"]
[BlackTeamCountry "AZE"]

1. c4 e6 2. Nc3 d5 3. d4 dxc4 4. e4 c5 5. d5 exd5 6. Nxd5 Nf6 7. Bxc4 Nxd5 8. Bxd5 Be7 9. Ne2 O-O 10. O-O Nc6 ({RR} 10... Nd7 11. Nc3 Nb6 12. Qf3 Bd6 13. Rd1 Nxd5 14. Nxd5 Qh4 15. Nf6+ Qxf6 16. Qxf6 gxf6 17. Rxd6 Be6 18. Be3 b6 19. a4 Rfd8 20. Rad1 Rxd6 21. Rxd6 Kf8 22. a5 Ke7 23. Rd1 Rc8 24. f3 Bb3 25. Ra1 {Erigaisi,A (2778)-Fedoseev,V (2692) chess.com INT 2024 0-1 (56)}) ({RR} 10... Nd7 11. Bf4 Nf6 12. Nc3 Qb6 13. e5 Nxd5 14. Nxd5 Qd8 15. e6 Bxe6 16. Nxe7+ Qxe7 17. Bd6 Qd7 18. Bxf8 Qxd1 19. Rfxd1 Kxf8 20. Rac1 b6 21. a3 Ke7 22. f3 Rc8 23. Kf2 b5 24. Ke3 a5 25. b4 {Semprun Martinez,F (2071)-Nemeth,Z (2194) Budapest HUN 2024 ½-½ (38)}) 11. Be3 Nb4 12. Bb3 $146 ({RR} 12. Nc3 Nxd5 13. Nxd5 Be6 14. Qf3 Bxd5 15. exd5 Bd6 16. Rac1 b6 17. Rfd1 Qd7 18. Rc4 f5 19. Bf4 Rf6 20. Bxd6 Rxd6 21. Rc2 Rd8 22. Rcd2 g6 23. g3 Qf7 24. h4 h5 25. b3 a5 26. a4 Qd7 {Gavrilov,M (1777)-Sheremetev,V (1602) Kaliningrad 2019 ½-½ (32)}) 12... b6 13. a3 Qxd1 14. Rfxd1 Nc6 15. Bd5 Bb7 16. f4 Rfd8 17. Kf2 Kf8 18. Nc3 Rd7 19. Rd2 Rad8 20. Rad1 Na5 21. Bxb7 Rxd2+ 22. Bxd2 Nxb7 23. Ke2 Nd6 24. Bc1 f6 25. g4 Kf7 26. h4 b5 27. Kf3 b4 28. axb4 cxb4 29. Nd5 Nc4 30. b3 Nb6 31. Be3 Nxd5 32. exd5 a6 33. Ke4 g6 34. f5 Bd6 35. fxg6+ hxg6 36. h5 f5+ 37. gxf5 gxh5 38. Bf4 Bxf4 39. Kxf4 Kf6 40. d6 h4 41. Rd3 h3 42. Rxh3 Rxd6 43. Ke4 Rd1 44. Rh6+ Kf7 45. Rxa6 Rb1 46. Ke5 Rxb3 47. Ra7+ Kf8 48. Kf6 Ra3 49. Rf7+ Kg8 50. Rb7 Ra6+ 51. Ke7 Kg7 1/2-1/2

[Event "Titled Tue 3rd Feb 2026"]
[Site "chess.com INT"]
[Date "2026.02.03"]
[Round "4"]
[White "Keymer, Vincent"]
[Black "Duda, J."]
[Result "1-0"]
[WhiteElo "2776"]
[BlackElo "2739"]
[PlyCount "77"]
[EventDate "2026.02.03"]

1. d4 d5 2. c4 e6 3. Nc3 a6 4. cxd5 exd5 5. Bf4 Nf6 6. e3 Bd6 7. Qf3 Bxf4 8. Qxf4 O-O ({RR} 8... Nbd7 9. Bd3 Nf8 10. Nge2 Ng6 11. Qg3 O-O 12. h4 Ne7 13. h5 h6 14. Qf4 Bg4 15. Ng3 Re8 16. f3 Be6 17. Nge2 Nd7 18. O-O-O c5 19. dxc5 Nxc5 20. Bc2 Rc8 21. Kb1 b5 22. e4 b4 23. exd5 {So,W (2747)-Carlsen,M (2831) Kolkata IND 2024 ½-½ (52)}) 9. Bd3 Re8 $146 ({RR} 9... c6 10. Nge2 Nbd7 11. g4 Re8 12. g5 Nh5 13. Qh4 g6 14. O-O-O Nf8 15. Ng3 Ng7 16. e4 Nge6 17. f4 Nxd4 18. Rhf1 b5 19. exd5 b4 20. Nce4 Nd7 21. Nd6 Re3 22. Nxf7 Qe7 23. Nh6+ Kh8 24. Bxg6 {Krush,I (2429)-Khademalsharieh,S (2494) Chess.com INT 2020 1-0}) ({RR} 9... Be6 10. Nge2 Nbd7 11. Rg1 c5 12. g4 Qb6 13. O-O-O cxd4 14. exd4 Rac8 15. Kb1 Rfe8 16. g5 Nh5 17. Qf3 g6 18. Nxd5 Qa5 19. Ndc3 b5 20. Nc1 Rxc3 21. bxc3 Qxc3 22. Be4 Qb4+ 23. Nb3 a5 24. d5 {Caruana,F (2792)-Svane,R (2620) chess.com INT 2026 0-1 (37)}) ({RR} 9... c6 10. h4 Re8 11. h5 h6 12. Nge2 Qe7 13. Ng3 c5 14. dxc5 Qxc5 15. O-O Nc6 16. Rad1 Be6 17. Bf5 Rad8 18. a3 d4 19. exd4 Nxd4 20. Bxe6 Nxe6 21. Qf3 b5 22. Rxd8 Rxd8 23. Rd1 Re8 24. Qf5 {Arabidze,M (2437)-Svane,R (2613) Chess.com INT 2020 0-1 (65)}) 10. Nge2 Nbd7 11. h4 Nh5 12. Bxh7+ Kxh7 13. Qf5+ g6 14. Qxf7+ Kh8 15. g4 Ng7 16. Nxd5 Ne5 17. dxe5 Be6 18. Qxg6 Qxd5 19. Ng3 Rad8 20. h5 Rf8 21. O-O Qxe5 22. Rad1 Bd5 23. Qh6+ Kg8 24. Qg6 Rd6 25. Qc2 Rf3 26. e4 Rxg3+ 27. fxg3 Bxe4 28. Qf2 Rf6 29. Qe3 Rxf1+ 30. Rxf1 Ne6 31. Rf2 Ng5 32. Kh2 Qe7 33. Qf4 Qg7 34. Qe3 Kh7 35. Qf4 Qe7 36. Re2 Kh6 37. Qe3 Qe5 38. Qf4 Qd4 39. Qf2 1-0

[Event "Bundesliga 2025-26"]
[Site "Bremen GER"]
[Date "2026.03.01"]
[Round "8.7"]
[White "Mamedyarov, S."]
[Black "Predke, A."]
[Result "1-0"]
[WhiteElo "2741"]
[BlackElo "2609"]
[PlyCount "65"]
[EventDate "2025.09.27"]
[EventType "team"]
[WhiteTeam "SC Viernheim"]
[BlackTeam "SK Kirchweyhe"]

1. c4 e6 2. Nc3 d5 3. d4 h6 4. Nf3 Nf6 5. h3 c5 ({RR} 5... a6 6. cxd5 exd5 7. Bf4 Bd6 8. Be5 Be6 9. e3 O-O 10. Bd3 Nc6 11. Bxd6 Qxd6 12. O-O Ne7 13. Qc2 g6 14. Nh4 b6 15. Na4 Bd7 16. Rac1 Rfc8 17. a3 Bxa4 18. Qxa4 c5 19. dxc5 bxc5 20. Nf3 {Manukyan,S (2376)-Ashraf,A (2470) chess.com INT 2026 0-1 (65)}) 6. e3 $146 ({RR} 6. Bf4 a6 7. e3 Nc6 8. Rc1 dxc4 9. Bxc4 b5 10. Be2 c4 11. O-O Nd5 12. Nxd5 exd5 13. b3 Na5 14. Qc2 Bd6 15. Bxd6 Qxd6 16. Qc3 b4 17. Qc2 c3 18. a3 Be6 19. axb4 Qxb4 20. Qxc3 Qxc3 {Salameh,R-Farhat,J Beirut 2014 1-0 (54)}) ({RR} 6. cxd5 exd5 7. Bf4 a6 8. e3 Nc6 9. Bd3 c4 10. Bc2 Bb4 11. O-O O-O 12. Ne5 Ne7 13. e4 b5 14. Nxd5 Nfxd5 15. exd5 Qxd5 16. Nf3 Bb7 17. a3 Bd6 18. Qd2 Bxf4 19. Qxf4 Ng6 20. Qg3 Qh5 {Schaller,S (1619)-Klein,C (1739) Germany 2004 0-1 (31)}) 6... cxd4 7. exd4 Bb4 8. cxd5 Nxd5 9. Bd2 O-O 10. Bd3 Re8 11. O-O Nc6 12. Re1 Nf6 13. Qe2 b6 14. Rad1 Bb7 15. a3 Bf8 16. Ne4 Nd5 17. Bb1 Rc8 18. Qd3 f5 19. Ng3 Qf6 20. Ba2 Nce7 21. Ne5 Red8 22. b4 a6 23. Re2 Bc6 24. Qxa6 b5 25. Nxc6 Rxc6 26. Qxb5 Qxd4 27. Nxf5 exf5 28. Rxe7 Rc2 29. Re8 Rd6 30. Rxf8+ Kxf8 31. Qb8+ Kf7 32. Qxd6 Rxa2 33. Re1 1-0

[Event "FIDE World Cup 2025"]
[Site "Goa IND"]
[Date "2025.11.12"]
[Round "4.2"]
[White "Keymer, Vincent"]
[Black "Esipenko, Andrey"]
[Result "1/2-1/2"]
[WhiteElo "2773"]
[BlackElo "2681"]
[PlyCount "114"]
[EventDate "2025.11.01"]
[EventType "k.o."]

1. c4 e6 2. Nc3 d5 3. d4 Be7 4. cxd5 exd5 5. Bf4 Nf6 6. e3 O-O 7. Bd3 c5 8. Nge2 Nc6 9. O-O cxd4 10. Nxd4 Nxd4 11. exd4 Bg4 12. Qb3 Bd6 13. Be5 $146 ({RR} 13. Bxd6 Qxd6 14. Rfe1 Be6 15. h3 Qf4 16. Qb4 a5 17. Qa4 Rfc8 18. Re3 h6 19. Rae1 Qd6 20. a3 Nd7 21. Qd1 Nb6 22. Qh5 Nd7 23. Rg3 Nf8 24. Re5 Bd7 25. Rxd5 Qf4 26. Ne2 Qc7 27. f4 Qc6 {Tella,J (2385)-Taivainen,J (2260) Tampere 1998 1-0 (37)}) ({RR} 13. Bxd6 Qxd6 14. Rfe1 Bd7 15. Re5 Bc6 16. h3 Nd7 17. Re3 Rae8 18. Rae1 Rxe3 19. Rxe3 a6 20. Qc2 g6 21. Ne2 Rc8 22. Qd2 Nf8 23. a3 Ne6 24. h4 Qd8 25. h5 Qf6 26. Qb4 Kg7 27. Qd6 Rd8 {Dubov,D (2684)-Esipenko,A (2693) Moscow RUS 2025 ½-½ (41)}) ({RR} 13. Bg5 Be6 14. Rac1 Be7 15. Nb5 a6 16. Nc7 Rc8 17. Qxb7 Rb8 18. Nxe6 fxe6 19. Qxa6 Rxb2 20. Qxe6+ Kh8 21. a4 Ra2 22. Bb5 h6 23. Bh4 Bd6 24. Bxf6 Rxf6 25. Qe8+ Qxe8 26. Bxe8 Rf4 27. Bg6 Rxa4 {Kiseleva,S (2174)-Cerrato Nadal,J (2093) chess.com INT 2024 1-0 (54)}) 13... Be6 14. Nb5 Bxe5 15. dxe5 Nd7 16. Rfe1 Qb6 17. Bf1 Rac8 18. Rad1 Rc4 19. Qe3 Qxe3 20. Rxe3 Rc2 21. Rb3 Nxe5 22. f4 Bg4 23. Rxd5 Ng6 24. f5 Ne7 25. Re5 Nc6 26. Re1 Rd2 27. Nc3 Rd7 28. Rb5 Ne7 29. Rbe5 Nc6 30. Rb5 Ne7 31. f6 Ng6 32. fxg7 Kxg7 33. Bc4 b6 34. Rg5 Rd4 35. Bb3 f6 36. Rd5 Rd8 37. h3 R8xd5 38. Bxd5 Bd7 39. Kf2 f5 40. Ke3 Rb4 41. b3 f4+ 42. Kd3 Bf5+ 43. Be4 Ne5+ 44. Kc2 Kg6 45. Bxf5+ Kxf5 46. Rd1 f3 47. g3 Nc6 48. Kd2 Rd4+ 49. Ke3 Rxd1 50. Nxd1 Nb4 51. Nc3 Ke5 52. g4 f2 53. Kxf2 Kf4 54. Kg2 Nd3 55. a3 Ne1+ 56. Kf1 Nc2 57. Nb5 Ke5 1/2-1/2

[Event "1st 3-0 Thursday Nov 13th 2025"]
[Site "chess.com INT"]
[Date "2025.11.13"]
[Round "9"]
[White "Carlsen, M."]
[Black "Svane, R."]
[Result "1-0"]
[WhiteElo "2839"]
[BlackElo "2609"]
[PlyCount "90"]
[EventDate "2025.11.13"]

1. c4 e6 2. Nc3 d5 3. d4 a6 4. cxd5 exd5 5. Bf4 Nf6 6. e3 Bd6 7. Bxd6 Qxd6 8. Bd3 O-O 9. h3 Re8 10. Nf3 Be6 ({RR} 10... Nc6 11. O-O g6 12. Rc1 Ne7 13. Na4 Bf5 14. Bxf5 Nxf5 15. Qc2 c6 16. Nc5 Re7 17. b4 Ne4 18. a4 Nxc5 19. bxc5 Qe6 20. Rb1 f6 21. Rb6 Rf8 22. Qd3 Kg7 23. Nd2 Nh4 24. Rfb1 Rff7 25. Nb3 {Poormosavi,S (2216)-Bendayan Claros,A (2256) chess.com INT 2026 1-0 (47)}) 11. O-O Nbd7 12. Qc2 ({RR} 12. a4 c6 13. a5 Rec8 14. Na4 Rab8 15. Qc2 Qe7 16. Rfc1 g6 17. Qc3 Ne4 18. Qa3 Qf6 19. Bxe4 dxe4 20. Nd2 Bd5 21. Nc3 Qe6 22. Nxd5 cxd5 23. Qb4 b5 24. Nf1 Rc4 25. Qd2 Rbc8 26. b3 R4c6 {Carlsen,M (2837)-Svane,R (2629) chess.com INT 2025 1-0 (40)}) 12... c6 13. b4 $146 ({RR} 13. Rfc1 Rac8 14. Na4 Ne4 15. Nc5 Ndxc5 16. dxc5 Qc7 17. Nd4 Bd7 18. b4 h6 19. Re1 Qd8 20. f3 Ng3 21. Qf2 Qc7 22. Rad1 Re7 23. Bb1 Rce8 24. Qc2 g6 25. Qf2 Kh7 26. a3 Be6 27. f4 Ne4 {Gruettner,R (2071)-Cardoso,M (1780) Florianopolis BRA 2024 ½-½ (63)}) ({RR} 13. Rfc1 Rac8 14. Na4 Ne4 15. Nc5 Ndxc5 16. dxc5 Qc7 17. Nd4 Bd7 18. b4 h6 19. Re1 Qd8 20. f3 Ng3 21. Qf2 Qc7 22. Rad1 Re7 23. Bb1 Rce8 24. Qc2 g6 25. Qf2 Kh7 26. a3 Be6 27. f4 Ne4 {Gruettner,R (2071)-Cardoso,M (1780) Florianopolis BRA 2024 ½-½ (63)}) 13... g6 14. a4 Kg7 15. Ne2 Rec8 16. Qb2 Ne8 17. Nf4 Qe7 18. b5 axb5 19. axb5 Nd6 20. Rxa8 Rxa8 21. bxc6 bxc6 22. Rc1 Rc8 23. Qa3 Bf5 24. Bxf5 Nxf5 25. Qa6 Rb8 26. Qxc6 Nf6 27. Ne5 Rb2 28. Nxd5 Nxd5 29. Qxd5 Qf6 30. Ng4 Qe7 31. Qe5+ Qxe5 32. Nxe5 Nd6 33. f3 Nf5 34. Nc4 Re2 35. Rc3 h5 36. g4 hxg4 37. hxg4 Nh4 38. Kf1 Ra2 39. e4 Kf6 40. d5 Kg5 41. d6 Kf4 42. d7 Ra8 43. Rd3 Rd8 44. Kf2 g5 45. Na5 f5 1-0

[Event "FIDE World Cup 2025"]
[Site "Goa IND"]
[Date "2025.11.12"]
[Round "4.2"]
[White "Donchenko, Alexa"]
[Black "Bluebaum, M."]
[Result "1-0"]
[WhiteElo "2641"]
[BlackElo "2680"]
[PlyCount "87"]
[EventDate "2025.11.01"]
[EventType "k.o."]

1. c4 e6 2. Nc3 d5 3. d4 Be7 4. cxd5 exd5 5. Bf4 Nf6 6. e3 O-O 7. h3 ({RR} 7. Rc1 c5 8. Nf3 Nc6 9. Be2 c4 10. O-O Bf5 11. Ne5 Ne4 12. Nxe4 Bxe4 13. Nxc6 bxc6 14. Qa4 Qb6 15. Bf3 Bxf3 16. gxf3 c5 17. dxc5 Bxc5 18. b3 cxb3 19. Qxb3 Rfd8 20. Rfd1 Qxb3 21. axb3 Bb6 {Stocek,J (2572)-Mikhalevski,A (2441) Pardubice 2007 ½-½ (65)}) 7... c5 8. Nf3 Nc6 9. Bb5 ({RR} 9. Be2 Ne4 10. dxc5 Nxc3 11. bxc3 Bxc5 12. O-O h6 13. Nd4 Nxd4 14. cxd4 Bd6 15. Bxd6 Qxd6 16. Qb3 Rb8 17. Rfc1 Be6 18. Rc3 Qd7 19. Rac1 Rfc8 20. Bf3 Rxc3 21. Rxc3 Qd6 22. Qa4 a6 23. Qa5 Rd8 {Zhao Xue (2433)-Guo Qi (2375) Daqing CHN 2026 ½-½ (52)}) 9... cxd4 $146 ({RR} 9... Qb6 10. O-O cxd4 11. exd4 Bf5 12. Re1 Bb4 13. Bd3 Nxd4 14. Be3 Bxc3 15. bxc3 Nxf3+ 16. Qxf3 Be4 17. Bxb6 Bxf3 18. Bd4 Be4 19. Bb5 a6 20. Bf1 Rfe8 21. Rec1 Rac8 22. a4 Nd7 23. f3 Bg6 24. c4 {Roelvaag,M (2265)-Hanssen,G (2276) Narvik 2000 ½-½ (32)}) 10. Nxd4 Qb6 11. O-O Nxd4 12. Qxd4 Qxd4 13. exd4 Be6 14. Bd3 a6 15. Na4 Nd7 16. b4 Bf6 17. Be3 Nb8 18. Nb6 Ra7 19. f4 Bd8 20. Na4 Nc6 21. a3 f5 22. Rac1 Bf6 23. Rfe1 Raa8 24. Nc5 Bc8 25. Bb1 Nxd4 26. Ba2 Rd8 27. Bf2 Kf8 28. Na4 b5 29. Nb6 Rb8 30. Nxd5 Rd6 31. Nxf6 gxf6 32. Kf1 Bb7 33. Rc7 Be4 34. Rxh7 Rbd8 35. Rd1 Ne6 36. Rh8+ Ke7 37. Rxd8 Rxd8 38. Rxd8 Nxd8 39. Bc5+ Kd7 40. h4 Ne6 41. g3 Bd3+ 42. Ke1 Ng7 43. Bf7 Bc4 44. Bg6 1-0

[Event "Chess.com Open Playoffs"]
[Site "chess.com INT"]
[Date "2026.04.23"]
[Round "1.1"]
[White "Lazavik, Denis"]
[Black "Yu Yangyi"]
[Result "1/2-1/2"]
[WhiteElo "2605"]
[BlackElo "2717"]
[PlyCount "71"]
[EventDate "2026.04.23"]
[EventType "k.o."]

1. c4 e6 2. Nc3 d5 3. d4 h6 4. cxd5 exd5 5. Bf4 Nf6 6. e3 Bd6 7. Bxd6 Qxd6 8. Bd3 O-O 9. Nge2 b6 10. O-O c5 11. dxc5 bxc5 12. Rc1 Nbd7 $146 ({RR} 12... Nc6 13. Nf4 Rd8 14. Be2 Ne5 15. Na4 c4 16. b3 g5 17. Nh5 Nxh5 18. Bxh5 Nd3 19. Rc2 Bf5 20. bxc4 Ne5 21. Rd2 Nxc4 22. Rd4 Qe5 23. Bf3 Be6 24. Nc5 Rac8 25. Nd3 Qf6 26. Nb4 Nb2 27. Qd2 {Gontcharov,V (2421)-Perez Gormaz,M (2383) chess.com INT 2026 1-0 (67)}) ({RR} 12... Rd8 13. Qd2 Nc6 14. Rfd1 Qe5 15. Na4 c4 16. Bb1 Rb8 17. b3 Be6 18. Nd4 Nxd4 19. exd4 Qd6 20. Nc5 Rb6 21. Nxe6 Qxe6 22. Re1 Qc8 23. Qc3 Rc6 24. Re7 Re8 25. Rxe8+ Nxe8 26. f3 Nd6 27. a4 {Papaoulakis,I (1756)-Stamatiou,R (2184) Peristeri 2022 0-1 (71)}) 13. Ng3 Ne5 14. Be2 Rd8 15. Qa4 Qb6 16. Qa3 Bd7 17. f4 Ng6 18. Bf3 Ne7 19. Rfd1 Bc6 20. Nce2 Nd7 21. Bg4 Rac8 22. Kh1 Bb7 23. Nc3 Bc6 24. Nce2 Rc7 25. Rd2 Nf6 26. Bf3 Bb7 27. Rdc2 Rdc8 28. Qb3 Qd6 29. Qd3 Ba6 30. Qd1 Qe6 31. Qd2 Qd6 32. Nc3 Rd8 33. Na4 Rdc8 34. Nc3 Rd8 35. Na4 Rdc8 36. Nc3 1/2-1/2

[Event "2nd 3-0 Thu 9th Apr 2026"]
[Site "chess.com INT"]
[Date "2026.04.09"]
[Round "7"]
[White "Maghsoodloo, Parham"]
[Black "Bluebaum, M."]
[Result "1/2-1/2"]
[WhiteElo "2720"]
[BlackElo "2695"]
[PlyCount "90"]
[EventDate "2026.04.09"]

1. d4 d5 2. c4 e6 3. Nc3 Bb4 4. e3 Nf6 5. Bd3 dxc4 6. Bxc4 O-O 7. Nge2 Be7 8. O-O c5 9. dxc5 Bxc5 10. a3 ({RR} 10. Ng3 Qc7 11. b3 a6 12. Bb2 b5 13. Bd3 Bb7 14. Nce4 Nxe4 15. Nxe4 f5 16. Nxc5 Qxc5 17. Qe2 Nd7 18. Rac1 Qd5 19. f3 Rac8 20. Rfd1 Rxc1 21. Rxc1 Rc8 22. Rxc8+ Bxc8 23. Qc2 Bb7 24. Qc3 Nf6 {Grigoriants,S (2557)-Bluebaum,M (2660) chess.com INT 2023 1-0 (43)}) 10... a6 11. b4 Be7 12. Bb2 $146 ({RR} 12. Qc2 b5 13. Bd3 Bb7 14. Ne4 Nbd7 15. Bb2 Rc8 16. Qb1 Nxe4 17. Bxe4 Bxe4 18. Qxe4 Nf6 19. Bxf6 Bxf6 20. Rfd1 Bxa1 21. Rxd8 Rfxd8 22. h4 g6 23. h5 Rd1+ 24. Kh2 Rd2 25. Nf4 Rxf2 26. hxg6 hxg6 {Nosach,R (2310)-Dumbelovic,N (2349) chess.com INT 2026 ½-½ (48)}) 12... b5 13. Bd3 Bb7 14. Ng3 Nbd7 15. Nce4 Nb6 16. Bd4 Na4 17. Rc1 Nxe4 18. Nxe4 Qd5 19. Rc7 Bd8 20. Qg4 g6 21. Nf6+ Bxf6 22. Bxf6 Qxd3 23. Rxb7 Rac8 24. h4 Nc3 25. Ra7 Ne4 26. Bd4 Rc2 27. Qf4 Nc3 28. Re1 Qf5 29. Qxf5 exf5 30. Rxa6 Ne2+ 31. Kf1 Nxd4 32. exd4 Rd2 33. Re5 Rc8 34. Rc5 Re8 35. Re5 Rc8 36. h5 Rc1+ 37. Re1 Rcc2 38. Kg1 Rxf2 39. h6 Rxg2+ 40. Kh1 Rh2+ 41. Kg1 Rcg2+ 42. Kf1 Rf2+ 43. Kg1 Rfg2+ 44. Kf1 Rf2+ 45. Kg1 Rfg2+ 1/2-1/2

[Event "Titled Tue 14th Apr 2026"]
[Site "chess.com INT"]
[Date "2026.04.14"]
[Round "4"]
[White "Sarana, A."]
[Black "Idani, P."]
[Result "1-0"]
[WhiteElo "2658"]
[BlackElo "2602"]
[PlyCount "91"]
[EventDate "2026.04.14"]

1. d4 d5 2. c4 e6 3. Nc3 h6 4. Nf3 Nf6 5. Bf4 Bd6 6. Qc1 ({RR} 6. Bg3 O-O 7. e3 Bxg3 8. hxg3 Nbd7 9. Rh4 Qe7 10. g4 Ne4 11. Qc2 Nxc3 12. bxc3 e5 13. Rh1 e4 14. Nd2 c6 15. Be2 Nf6 16. g5 hxg5 17. O-O-O g6 18. Rh2 Kg7 19. Rdh1 Be6 20. Kb1 Qc7 {Bluebaum,M (2660)-Caruana,F (2835) chess24.com INT 2020 0-1 (39)}) 6... b6 ({RR} 6... a6 7. c5 Bxf4 8. Qxf4 Nc6 9. Rc1 Qe7 10. Qd2 O-O 11. e3 Rd8 12. Be2 e5 13. dxe5 Nxe5 14. Nxe5 Qxe5 15. Qd4 Qg5 16. Bf3 Bg4 17. h4 Qf5 18. Nxd5 Rxd5 19. Bxd5 Qxd5 20. Qxd5 Nxd5 21. f3 {Anistoroaei,M (1883)-Alcantara,L (1985) Montesilvano ITA 2026 0-1 (52)}) 7. cxd5 $146 ({RR} 7. g4 Bb7 8. cxd5 Nxd5 9. Nxd5 Bxd5 10. Bg2 O-O 11. O-O Nd7 12. Re1 Nf6 13. g5 Bxf4 14. Qxf4 hxg5 15. Nxg5 Bxg2 16. Kxg2 Nh5 17. Qg4 g6 18. Rac1 Qd5+ 19. Nf3 Rac8 20. a3 c5 21. Red1 Qb3 {Tsvetkov,A (2422)-Matlakov,M (2625) Moscow RUS 2024 1-0 (40)}) ({RR} 7. Bxd6 Qxd6 8. Nb5 Qe7 9. cxd5 Qb4+ 10. Nc3 exd5 11. e3 O-O 12. Be2 Bf5 13. O-O Qe7 14. Rd1 c6 15. a3 Nbd7 16. b4 b5 17. h3 a5 18. Qb2 axb4 19. Qxb4 Qxb4 20. axb4 Bc2 21. Rdc1 Bb3 {Makarian,R (2547)-Idani,P (2603) chess.com INT 2024 1-0 (54)}) ({RR} 7. Bxd6 Qxd6 8. Nb5 Qe7 9. cxd5 Qb4+ 10. Nc3 exd5 11. e3 O-O 12. Bd3 Qe7 13. O-O c5 14. Ne5 Ba6 15. Qd2 Rc8 16. Rfd1 Bxd3 17. Qxd3 Nc6 18. Nxc6 Rxc6 19. dxc5 Rxc5 20. b4 Rcc8 21. a3 Rd8 {Makarian,R (2525)-Svane,R (2623) chess.com INT 2024 1-0 (50)}) 7... exd5 8. Bxd6 Qxd6 9. e3 c6 10. Bd3 Nbd7 11. O-O Bb7 12. Qc2 O-O 13. Rfd1 Rfe8 14. Rac1 Rac8 15. Qa4 a5 16. a3 Ne4 17. Qc2 Nxc3 18. Qxc3 Rc7 19. b4 axb4 20. axb4 Rcc8 21. Bf5 Rc7 22. Ra1 Bc8 23. Rdc1 Nf6 24. Bd3 Ne4 25. Qb2 Ng5 26. Ne5 f6 27. Ng6 Nf7 28. Rc2 Bd7 29. Ra6 Rb8 30. Rc1 Bc8 31. Ra3 Bd7 32. Rca1 Ng5 33. Ra6 Ne6 34. Bf5 Nf8 35. Bxd7 Nxd7 36. Qc3 b5 37. Nf4 Nb6 38. Qc5 Nc4 39. Qxd6 Nxd6 40. Ne6 Re7 41. Nc5 Rc8 42. Kf1 Kf7 43. h3 g5 44. Ra8 Rec7 45. R1a7 Rd7 46. Rxd7+ 1-0

[Event "Chess.com Open Loser Playoffs"]
[Site "chess.com INT"]
[Date "2026.04.23"]
[Round "1.1"]
[White "Sevian, Samuel"]
[Black "Yu Yangyi"]
[Result "1/2-1/2"]
[WhiteElo "2696"]
[BlackElo "2717"]
[PlyCount "168"]
[EventDate "2026.04.23"]
[EventType "k.o."]

1. c4 e6 2. Nc3 d5 3. d4 h6 4. Nf3 Nf6 5. Bf4 c5 6. e3 cxd4 7. Nxd4 Nc6 ({RR} 7... a6 8. Rc1 Nc6 9. cxd5 Nxd5 10. Nxc6 bxc6 11. Be5 Bd7 12. a3 Qa5 13. Qd2 Nf6 14. Bg3 Be7 15. Be2 O-O 16. O-O Rfd8 17. Bf3 Be8 18. Qc2 Ra7 19. Rfd1 Rxd1+ 20. Rxd1 c5 21. Qb3 Rd7 22. Qb8 {Ivanchuk,V (2623)-Deac,B (2674) Linares ESP 2025 ½-½ (66)}) 8. Qa4 $146 ({RR} 8. cxd5 Nxd5 9. Nxc6 bxc6 10. Qa4 Nxf4 11. Qxf4 Qb6 12. Qc4 e5 13. Qb3 Qxb3 14. axb3 Bb4 15. Bc4 a5 16. Ke2 Rb8 17. Rhd1 Ke7 18. f3 Be6 19. Ne4 f5 20. Nf2 Rhd8 21. Nd3 Bxc4 22. bxc4 Bd6 {Pham Le Thao Nguyen (2348)-Lagno,K (2506) chess.com INT 2026 0-1 (48)}) ({RR} 8. a3 a6 9. Nf3 Be7 10. cxd5 exd5 11. Be2 O-O 12. O-O Bf5 13. Rc1 Rc8 14. b4 b5 15. Ne5 Be6 16. Bf3 Qb6 17. Nxd5 Nxd5 18. Bxd5 Nxe5 19. Rxc8 Rxc8 20. Bxe5 Rd8 21. Bd4 Qd6 22. Bf3 Bc4 {Balabayeva,X (2360)-Savitha,S (2319) Linares ESP 2025 1-0 (58)}) 8... Bd7 9. cxd5 Nxd5 10. Ndb5 Nxf4 11. Qxf4 e5 12. Qf3 Bb4 13. a3 Bxc3+ 14. Nxc3 O-O 15. Bc4 Rc8 16. Ba2 Qb6 17. Rb1 Qa6 18. Qe2 Qxe2+ 19. Kxe2 Rfd8 20. Rhd1 Kf8 21. Rbc1 Ne7 22. h3 h5 23. Rd2 Bc6 24. Rxd8+ Rxd8 25. f3 h4 26. Bb1 f5 27. Bd3 Kf7 28. Bb5 Bxb5+ 29. Nxb5 a6 30. Nc3 Rc8 31. Rd1 Ke6 32. Rd2 b5 33. Kf2 g6 34. Ke2 g5 35. Kf2 Nc6 36. Nd5 Na5 37. e4 fxe4 38. fxe4 Nb3 39. Re2 Nd4 40. Rd2 Nb3 41. Re2 Rc1 42. Nc3 Nd4 43. Rd2 a5 44. Ne2 Rc4 45. Nxd4+ exd4 46. b3 Rc3 47. Rxd4 Rxb3 48. Rd5 Kf6 49. a4 bxa4 50. Rf5+ Kg6 51. Rxa5 a3 52. Ra6+ Kf7 53. Ra5 Kf6 54. Rf5+ Kg6 55. Ra5 Rc3 56. Ra6+ Kf7 57. e5 Ke7 58. Ke2 Rb3 59. Kf2 Rg3 60. Kf1 Rb3 61. Kf2 Rb2+ 62. Kf3 a2 63. g4 Rb3+ 64. Ke4 Rxh3 65. Rxa2 Rg3 66. Kf5 h3 67. Ra7+ Kf8 68. Rh7 Re3 69. Kf6 Kg8 70. Rh5 Rf3+ 71. Ke7 Kg7 72. Rxg5+ Kh6 73. Rh5+ Kg6 74. e6 Re3 75. Kd7 Kf6 76. Rf5+ Kg6 77. e7 Rd3+ 78. Ke8 h2 79. Rh5 Rd2 80. Kf8 Rf2+ 81. Kg8 Re2 82. Kf8 Rf2+ 83. Ke8 Rd2 84. Kf8 Rf2+ 1/2-1/2